000 00916nam a2200241Ia 4500
003 GCL
008 140319s9999 xx 000 0 ara d
040 _aGCL /
_cGCL
082 0 4 _aم
_b016
_bا ف
100 1 _aالاشبيلى : محمد بن خير بن عمر بن خليفة ابو بكر الاموى
245 1 0 _aفهرسة ابن خير /
_cالاشبيلى : محمد بن خير بن عمر بن خليفة ابو بكر الاموى
700 1 _aابراهيم الابيارى
260 _a[S.N] :
_bدار الكتاب المصرى ،
_c1990
300 _aمتعدد
490 _aسلسلة اللغات للمسافر
_v0
650 0 4 _aاعلام العرب
650 0 4 _aالحضارة الاسلامية
650 0 4 _aالفقهاء
650 0 4 _aالببليوجرافيات
650 0 4 _aالفهرس الموضوعى الهجائى
650 0 4 _aابن خير
942 _2ddc
_cREF
999 _c59488
_d59488